000 00490nam a2200169 4500
001 107716
003 ES-MaACL
007 t|
008 061121s1980 sp r ||||1| spa d
100 1 _aMosse, Claude.
_9193541
245 1 3 _aEl trabajo en Grecia y Roma /
_cClaude Mosse; traducción Carlos Taibo.
260 _aMadrid :
_bAkal,
_c1980.
300 _a178 p. ;
_c17 cm.
700 1 _aTaibo, Carlos,
_d1965-
_9242581
852 _aES-MaACL
_jG-13227
_bR.101099
999 _c107716
_d107716